000 00262nam a2200121Ia 4500
008 240614s9999 xx 000 0 und d
041 _aeng
100 _aBhagat, Chetan
245 _a400 Days
260 _bWestland
_c2024
300 _a344
650 _aGeneral
999 _c358721
_d358721